مكتبة جامعة عجلون الوطنية

فهرس بحث المكتبة

Normal view MARC view
  • the proceedings of the 2002 international arab conference

Entry Topical Term

Number of records used in: 1

001 - CONTROL NUMBER

  • control field: 4181

003 - CONTROL NUMBER IDENTIFIER

  • control field: JO-AjAnu

005 - DATE AND TIME OF LATEST TRANSACTION

  • control field: 20230606071002.0

008 - FIXED-LENGTH DATA ELEMENTS

  • fixed length control field: 230606|| aca||aabn | a|a d

040 ## - CATALOGING SOURCE

  • Original cataloging agency: JO-AjAnu
  • Transcribing agency: JO-AjAnu

150 ## - HEADING--TOPICAL TERM

  • Topical term or geographic name entry element: the proceedings of the 2002 international arab conference

670 ## - SOURCE DATA FOUND

  • Source citation: Work cat.: (JO-AjAnu)2173: Salmon, Charles/John johnson, author 4180, Steel structures design and behavior